000 00912cam a2200265 a 4500
008 081210s2008 fr b 001 0 fre
010 _a 2009405777
020 _a9782296068599
040 _aDLC
_cDLC
050 0 0 _aPQ3989.2.J4
_bZ66 2008
092 0 4 _a848.91409
_bB4563f
_221
099 _a04
_a848.91409 B4563f
100 1 _aFarouk, May.
245 1 0 _aTahar Ben Jelloun :
_betude des enjeux râeflexifs dans l'œuvre /
_cMay Farouk.
260 _aParis :
_bL'Harmattan,
_cc2008.
300 _a220 p. ;
_c22 cm.
490 0 _aApproches littâeraires
500 _a"Version remaniee d'une these de Magistere soutenue a l'Universite du Caire en mai 2005"--P. 5.
504 _aIncludes bibliographical references (p. 202-214) and index.
600 1 0 _aBen Jelloun, Tahar,
_d1944-
_xCriticism and interpretation.
902 _a1
905 _aIbrahim
_eRev
905 _aJihan
_eCat.
942 _2ddc
_cBK
999 _c133578
_d133578